Problemas y perspectivas de las ciencias bíblicas

Gespeichert in:
Bibliographische Detailangaben
1. Verfasser: Fabris, Rinaldo (VerfasserIn)
Format: Buch
Sprache:Spanisch
Veröffentlicht: Salamanca Sígueme 1983
Schriftenreihe:Biblioteca de Estudios Bíblicos, 48
Schlagworte:
Tags: Tag hinzufügen
Keine Tags, Fügen Sie den ersten Tag hinzu!

MARC

LEADER 00000nam a2200000 a 4500
001 UCW9152
003 CL-VaPUC
008 881213e19830000SP |||||||||||||||||spa|d
020 |a 8430109242 
082 0 4 |a 220.6  |b FAB  |2 21 
100 0 |a Fabris, Rinaldo  |e author  |9 314310 
245 1 0 |a Problemas y perspectivas de las ciencias bíblicas 
300 |a 494 p 
942 |c BK 
945 |d 19881213 00:00:00 
260 |a Salamanca  |b Sígueme  |c 1983 
650 0 |a Biblia  |9 257603 
650 0 |a Crítica e interpretación   |9 255042 
583 |a last modification  |c 19881213 00:00:00  |k Rodrigo Vera 
490 0 |a Biblioteca de Estudios Bíblicos, 48 
999 |c 221191  |d 221189 
952 |0 0  |1 2  |4 0  |6 220_600000000000000_FAB_1983  |7 0  |8 A  |9 214253  |a BIBTEO  |b BIBTEO  |d 2019-11-15  |i 282874K  |o 220.6 FAB 1983  |p 282874K  |r 2019-11-15  |w 2019-11-15  |x Descarte 2019  |y BK  |k ICR